000 00463nam a2200181Ia 4500
999 _c183
_d183
003 OSt
005 20210909110438.0
008 190216s9999||||xx |||||||||||||| ||und||
040 _coclc
082 _a297
_bSAQ/K
100 _aSaqr, Abdul Badi
_98815
245 0 _aKaifa Nadulnasa /
_cAbdul Badi Saqr
250 _a5th Ed.
260 _bIslamic Studies,
300 _a180p
650 _aArabic
942 _cBK
_2ddc
_h297
_iSAQ/K
_k297
_mSAQ/K